| 000 | 00527nam a22002053a 4500 | ||
|---|---|---|---|
| 005 | 20240911063943.0 | ||
| 008 | 011002s1999 mx r 000 0 spa d | ||
| 020 | _a9701834941 | ||
| 035 | _aUPN01000112443 | ||
| 049 | _aCG | ||
| 050 | 4 |
_aQB801 _bF5.3 |
|
| 100 | 1 |
_aFierro Gossman, Julieta _931228 |
|
| 245 | 1 | 4 |
_aLas estrellas / _cJulieta Fierro. |
| 260 |
_aMéxico : _bCNCA, _c1999. |
||
| 300 |
_a63 p. : _bil. |
||
| 440 | 0 | _aTercer milenio | |
| 650 | 2 |
_aEstrellas _912722 |
|
| 650 | 2 |
_aAstronomÃa _98475 |
|
| 905 | _aLibro | ||
| 999 |
_c86351 _d86351 |
||